000 00373nam a2200157Ia 4500
100 _aPappa/Gisele L/ Freitas/Alex A
650 _aDatamining
942 _cRB
366 _f25
654 _adata mining
245 _aAutomating the design of datamining algorithms
260 _bSpringer
_c2010
082 _a5.74
_bPAP
300 _a187
546 _aENGLISH
_celectronics
999 _c35609
_d35609